[Event "Open Semana Santa 2023"]
[Site "?"]
[Date "2023.04.07"]
[Round "4.124"]
[White "Munoz Osete, Marcos"]
[Black "Navarro Martinez, Victor"]
[Result "1/2-1/2"]
[WhiteElo "1743"]
[BlackElo "2051"]
[Annotator "Usuario"]
[PlyCount "81"]

1. d4 d5 2. c4 e6 3. Nc3 Nf6 4. Nf3 c5 5. cxd5 Nxd5 6. e4 Nxc3 7. bxc3 cxd4 8.
cxd4 Bb4+ 9. Bd2 Bxd2+ 10. Qxd2 O-O 11. Be2 b6 12. O-O Bb7 13. Qe3 Nd7 14. Nd2
Nf6 15. Rac1 Rc8 16. f3 Qd7 17. Nc4 Rfd8 18. Rfd1 Qa4 19. Qb3 Qxb3 20. axb3 Rc7
21. Ra1 Ba8 22. Ra2 Ne8 23. Rda1 b5 24. Ne5 f6 25. Ng4 Bc6 26. Rxa7 Rxa7 27.
Rxa7 Rxd4 28. Ra6 Bd7 29. Rb6 Nd6 30. Rb8+ Kf7 31. e5 Ne8 32. exf6 gxf6 33. Rb7
Kg6 34. Bxb5 Bxb5 35. Rxb5 Rd2 36. h4 Ng7 37. Rb6 h5 38. Nf2 Nf5 $11 39. Ne4
Rb2 40. Rxe6 Nxh4 41. Rxf6+ $11 1/2-1/2

[Event "Open Semana Santa 2023"]
[Site "?"]
[Date "2023.04.07"]
[Round "4.125"]
[White "Cebrian Flores, Juan Antonio"]
[Black "Domenech Briz, Jose"]
[Result "1-0"]
[WhiteElo "2045"]
[BlackElo "1692"]
[Annotator "Usuario"]
[PlyCount "97"]

1. d4 Nf6 2. Nf3 g6 3. b3 Bg7 4. Bb2 d5 5. g3 Nbd7 6. Bg2 Ne4 7. O-O O-O 8. c4
c6 9. Nbd2 Ndf6 10. Ne5 Bf5 11. Rc1 Bh6 12. e3 Qa5 13. Nxe4 Nxe4 14. a3 Rac8
15. b4 Qa6 16. Re1 f6 17. Nf3 Nd6 18. c5 Nc4 19. Qb3 b5 20. cxb6 axb6 21. Nh4
Be6 22. a4 Kf7 $11 23. Ra1 Ra8 24. Bc3 b5 25. a5 Rfe8 26. Bf1 Reb8 27. Ng2 Bg4
28. Nf4 Qc8 29. Bg2 Ra7 30. Nd3 Qf5 31. Nc5 Bf3 32. Bf1 Qg5 33. e4 Nd2 34. Bxd2
Qxd2 35. Qxf3 Qxd4 36. Rab1 Rd8 37. exd5 Rxd5 38. Red1 Qe5 39. Rxd5 cxd5 40.
Bxb5 Qd6 41. Rd1 e6 42. Re1 e5 43. Rd1 d4 44. Qc6 Qe7 45. Qd5+ Kg7 46. Ne6+ Kh8
47. Nc5 Kg7 48. Bc4 Rc7 49. Qg8# 1-0

[Event "Open Semana Santa 2023"]
[Site "?"]
[Date "2023.04.07"]
[Round "4.126"]
[White "Romero Garcia, Jose Luis"]
[Black "Martinez Ramos, Paula"]
[Result "0-1"]
[WhiteElo "1733"]
[BlackElo "2042"]
[PlyCount "52"]

1. e4 c5 2. Nf3 d6 3. d4 cxd4 4. Nxd4 Nf6 5. Nc3 a6 6. Be2 e5 7. Nb3 Be6 8. Be3
Be7 9. O-O O-O 10. f4 exf4 11. Bxf4 Nbd7 12. Qe1 Ne5 13. Qg3 Nfd7 14. Rad1 Bh4
15. Qe3 Qc7 16. Qd2 Be7 17. Kh1 Rac8 18. Nd4 Rfe8 19. Nf5 Bxf5 20. exf5 Nf6 21.
Bg5 Nc4 22. Bxc4 Qxc4 23. Rf4 Qc6 24. Rd4 d5 25. Nxd5 Nxd5 26. Rxd5 Bxg5 0-1

[Event "Open Semana Santa 2023"]
[Site "?"]
[Date "2023.04.07"]
[Round "4.127"]
[White "Ruiz De Leon Merlo, Esther"]
[Black "Follana Albelda, Lucia"]
[Result "1/2-1/2"]
[WhiteElo "1721"]
[BlackElo "2018"]
[PlyCount "82"]

1. e4 d6 2. d4 g6 3. Nc3 Bg7 4. Be3 c6 5. f4 Nd7 6. Nf3 Ngf6 7. h3 b5 8. e5 Nh5
9. Ne2 Bf8 10. g4 Ng7 11. Ng3 Nb6 12. Qd2 Nc4 13. Bxc4 bxc4 14. d5 c5 15. exd6
exd6 16. Qc3 Bd7 17. Ne4 Qe7 18. Nf6+ Kd8 19. Kf2 h5 20. Rhe1 hxg4 21. hxg4 Ne6
22. dxe6 fxe6 23. Nxd7 Bg7 24. Nde5 dxe5 25. Qa5+ Ke8 26. Qb5+ Kf7 27. Ng5+ Kg8
28. Bxc5 Qf6 29. Qxc4 Re8 30. Rxe5 Bf8 31. Bxf8 Kxf8 32. Nxe6+ Rxe6 33. Qc8+
Kg7 34. Qd7+ Kf8 35. Qc8+ Kg7 36. Qb7+ Kf8 37. Qb8+ Kg7 38. Qxa7+ Kf8 39. Qc5+
Kf7 40. Qc7+ Kf8 41. Qc8+ Kg7 1/2-1/2

[Event "Open Semana Santa 2023"]
[Site "?"]
[Date "2023.04.07"]
[Round "4.128"]
[White "Herraiz Gomez, Iker"]
[Black "Perez Travieso, Saul"]
[Result "1-0"]
[WhiteElo "1668"]
[BlackElo "2007"]
[PlyCount "81"]

1. e4 c6 2. d4 d5 3. Nc3 dxe4 4. Nxe4 Nf6 5. Nxf6+ exf6 6. c3 Bd6 7. Bd3 O-O 8.
Qc2 h6 9. Ne2 Qc7 10. Ng3 Re8+ 11. Be3 Nd7 12. O-O b6 13. Nh5 Bxh2+ 14. Kh1 Bd6
15. Bxh6 gxh6 16. Bc4 f5 17. Qxf5 Ne5 18. Qf6 Bf8 19. dxe5 Be6 20. Be2 Bd5 21.
f4 Re6 22. Qf5 Rg6 23. Nf6+ Kh8 24. Nxd5 cxd5 25. Bh5 Rg7 26. Rf3 Qc8 27. Qxc8
Rxc8 28. Rd3 Rc4 29. g3 Bc5 30. b3 Re4 31. Kh2 Bf2 32. Rf1 Be1 33. Rg1 Bf2 34.
Rg2 Re3 35. Rxe3 Bxe3 36. Re2 d4 37. cxd4 Bxd4 38. Rd2 Bc5 39. Rd8+ Kh7 40. Bf3
f5 41. exf6 1-0

[Event "Open Semana Santa 2023"]
[Site "?"]
[Date "2023.04.07"]
[Round "4.130"]
[White "Sanchez Pablo, Jorge"]
[Black "Vinuesa Sorli, Ruben"]
[Result "0-1"]
[WhiteElo "1654"]
[BlackElo "2003"]
[PlyCount "70"]

1. d4 Nf6 2. Bf4 g6 3. Nc3 d5 4. e3 Bg7 5. Be2 c6 6. Nf3 Qb6 7. Na4 Qa5+ 8. c3
O-O 9. b4 Qd8 10. Nd2 Nbd7 11. Nb2 a5 12. a3 Re8 13. Nd3 Ne4 14. Nxe4 dxe4 15.
Ne5 Nxe5 16. Bxe5 Bxe5 17. dxe5 Qc7 18. O-O Qxe5 19. Qc2 Be6 20. a4 Red8 21.
Rad1 Rd6 22. Rd2 Rxd2 23. Qxd2 axb4 24. cxb4 Rxa4 25. h3 Ra2 26. Qd8+ Kg7 27.
Bd1 Qd6 28. Qb6 Bc4 29. Re1 Ra1 30. Qd4+ Qxd4 31. exd4 Bb3 32. Rxe4 Rxd1+ 33.
Kh2 e6 34. h4 Bd5 35. Rf4 Rb1 0-1

[Event "Open Semana Santa 2023"]
[Site "?"]
[Date "2023.04.07"]
[Round "4.131"]
[White "Cesar Maestre, Eduardo"]
[Black "Garcia-Ruiz Fuentes, Angel M."]
[Result "1/2-1/2"]
[WhiteElo "1649"]
[BlackElo "1993"]
[Annotator "Usuario"]
[PlyCount "33"]

1. e4 c5 2. g3 Nc6 3. Bg2 d6 4. Ne2 g6 5. c3 Bg7 6. O-O e5 7. d3 Nge7 8. Be3
O-O 9. Nd2 Be6 10. f4 Qd7 11. Nf3 b6 12. Ng5 Bg4 13. h3 h6 14. hxg4 hxg5 15. f5
f6 16. Kf2 gxf5 $11 17. gxf5 1/2-1/2

[Event "Open Semana Santa 2023"]
[Site "?"]
[Date "2023.04.07"]
[Round "4.132"]
[White "Lloret Mauri, Jaime"]
[Black "Zaldivar, Gustavo"]
[Result "1/2-1/2"]
[WhiteElo "1989"]
[BlackElo "1645"]
[Annotator "Usuario"]
[PlyCount "126"]
[EventDate "2023.??.??"]

1. e4 Nc6 2. Nf3 e5 3. Bc4 Nf6 4. Ng5 d5 5. exd5 Na5 6. Bb5+ c6 7. dxc6 bxc6 8.
Be2 h6 9. Nf3 e4 10. Ne5 Qd5 11. f4 exf3 12. Nxf3 Bc5 13. c3 Ng4 14. d4 Bd6 15.
O-O O-O 16. h3 Nf6 17. b4 Nc4 18. Na3 Nxa3 19. Bxa3 Re8 20. c4 Qe4 21. Bd3 Qe3+
22. Kh1 Nh5 23. Re1 Ng3+ 24. Kh2 Ne4+ 25. Ne5 Bxe5+ 26. dxe5 Qg3+ 27. Kg1 Nf2
28. Bh7+ Kxh7 29. Qc2+ Qd3 30. Qxf2 Qxa3 31. Qxf7 Be6 32. Qb7 Bxc4 33. Qxc6
Rac8 34. Qb7 Rb8 35. Qe4+ Kh8 36. Qxc4 Rxb4 37. Qc6 Qa4 38. Rac1 Qxc6 39. Rxc6
Rb5 40. e6 Rb6 41. Rxb6 axb6 42. e7 Kg8 43. Re6 Kf7 44. Rxb6 Rxe7 45. a4 Re2
46. a5 Ra2 47. a6 Kg8 48. Kh2 Kh7 49. Kg3 Ra4 50. Kf3 h5 51. g3 h4 52. g4 Ra3+
53. Kg2 Ra2+ 54. Kf1 Ra3 55. Rb5 Rxa6 56. Rh5+ Rh6 $11 57. Rxh6+ Kxh6 58. Ke2
Kg5 59. Ke3 Kf6 60. Ke4 Ke6 61. g5 g6 62. Kf4 Kd5 63. Kg4 Ke4 1/2-1/2

[Event "Open Semana Santa 2023"]
[Site "?"]
[Date "2023.04.07"]
[Round "4.133"]
[White "Movsisyan, Tigran"]
[Black "Kiryttopoulos, Panagiotis Aris"]
[Result "0-1"]
[WhiteElo "1968"]
[BlackElo "1556"]
[PlyCount "70"]
[EventDate "2023.??.??"]

1. e4 c5 2. Nc3 e6 3. Nge2 Nc6 4. g3 d5 5. exd5 exd5 6. d4 Nf6 7. Bg2 cxd4 8.
Nxd4 Bc5 9. Be3 Nxd4 10. Bxd4 Qe7+ 11. Ne2 Bxd4 12. Qxd4 O-O 13. Bf3 Bf5 14. c3
Be4 15. Bxe4 dxe4 16. Nf4 Rfd8 17. Qe3 Ng4 18. Qe2 Ne5 19. O-O Nf3+ 20. Kg2 Rd2
21. Qb5 Rad8 22. Qb3 b6 23. Rad1 Qb7 24. Rxd2 Nxd2 25. Rd1 e3+ 26. Kg1 exf2+
27. Kxf2 Qf3+ 28. Kg1 Qe3+ 29. Kg2 g5 30. Qb5 Qf3+ 31. Kh3 h6 32. Qe2 g4+ 33.
Kh4 Qxe2 34. Nxe2 Nf3+ 35. Kxg4 Rxd1 0-1

[Event "Open Semana Santa 2023"]
[Site "?"]
[Date "2023.04.07"]
[Round "4.134"]
[White "Gutierrez Lupion, Nuria"]
[Black "Lobo Pereira, Arami"]
[Result "0-1"]
[WhiteElo "1551"]
[BlackElo "1961"]
[PlyCount "56"]
[EventDate "2023.??.??"]

1. e4 e6 2. d4 d5 3. Nd2 Nf6 4. e5 Nfd7 5. f4 c5 6. Ngf3 Nc6 7. Nb3 c4 8. Nbd2
Qa5 9. c3 b5 10. Be2 b4 11. Qc2 Nb6 12. Nf1 Rb8 13. Bd2 Bd7 14. Ne3 bxc3 15.
bxc3 Na4 16. Rb1 Rxb1+ 17. Qxb1 Nxc3 18. Qb2 Na4 19. Bxa5 Nxb2 20. Bc3 Na4 21.
Kd2 Nxc3 22. Kxc3 Bb4+ 23. Kc2 Ke7 24. g4 Rb8 25. Rb1 Na5 26. a3 Ba4+ 27. Kb2
Bd2+ 28. Ka2 Bb3+ 0-1

[Event "Open Semana Santa 2023"]
[Site "?"]
[Date "2023.04.07"]
[Round "4.135"]
[White "Molina Souponitskaia, Alexander"]
[Black "Kiryttopoulos, Ioannis"]
[Result "1/2-1/2"]
[WhiteElo "1959"]
[BlackElo "1620"]
[PlyCount "147"]
[EventDate "2023.??.??"]

1. e4 c5 2. Nf3 Nc6 3. Bb5 g6 4. Bxc6 bxc6 5. O-O Bg7 6. Re1 e5 7. c3 Ne7 8. d4
cxd4 9. cxd4 exd4 10. Nxd4 O-O 11. Nc3 Qc7 12. Bg5 Qe5 13. Nf3 Qe6 14. e5 Nf5
15. g4 Nh6 16. h3 Kh8 17. Ne4 Nxg4 18. hxg4 Qxg4+ 19. Ng3 Bb7 20. Re4 Qe6 21.
Rf4 c5 22. Bf6 Rae8 23. Ng5 Qc6 24. Qf1 h6 25. Qh3 Kg8 26. N5e4 Rxe5 27. Bxe5
Bxe5 28. Rh4 Bxb2 29. Rb1 Bg7 30. Nxc5 Bc8 31. Nd3 Qc2 32. Rb3 Qxa2 33. Rb8 Qc2
34. Nf1 Qc7 35. Qg3 d6 36. Rhb4 Rd8 37. Ne3 Qe7 38. Nd5 Qe6 39. Qh4 Rf8 40.
Ne7+ Kh7 41. Re4 Qd7 42. Nxc8 Rxc8 43. Re7 Qxe7 44. Qxe7 Rxb8 45. Qxa7 Rf8 46.
Qd7 Be5 47. Kg2 g5 48. f4 gxf4 49. Nxe5 dxe5 50. Qf5+ Kg7 51. Qxe5+ f6 52. Qxf4
Rf7 53. Kh3 Kh7 54. Kh4 Rg7 55. Qxf6 Rg5 56. Qf7+ Kh8 57. Kh3 Rg7 58. Qf6 Kh7
59. Kh4 Rg5 60. Qf8 Rg7 61. Qf5+ Kh8 62. Qe4 Rg5 63. Qe7 Rg7 64. Qe4 Rg5 65.
Qd3 Kg7 66. Kh3 Kg8 67. Qd7 Kh8 68. Qd8+ Kg7 69. Qe7+ Kh8 70. Qf6+ Kh7 71. Kh4
Rg7 72. Qf5+ Kh8 73. Qc2 Rg5 74. Qd3 1/2-1/2

[Event "Open Semana Santa 2023"]
[Site "?"]
[Date "2023.04.07"]
[Round "4.136"]
[White "Menendez Osorio, Carmen"]
[Black "Fernandez Fernandez, Juan Carlos"]
[Result "1/2-1/2"]
[WhiteElo "1581"]
[BlackElo "1953"]
[PlyCount "145"]

1. d4 Nf6 2. c4 e5 3. dxe5 Ng4 4. Nf3 Nc6 5. Bf4 Bb4+ 6. Nbd2 Qe7 7. e3 Ngxe5
8. Be2 Nxf3+ 9. Bxf3 d6 10. O-O Bxd2 11. Qxd2 O-O 12. Rac1 Ne5 13. Be2 b6 14.
e4 Be6 15. Bg3 f6 16. f4 Nd7 17. Bf3 Rad8 18. Rfe1 Rfe8 19. Qc3 Qf8 20. Re2 Bf7
21. Rce1 Kh8 22. e5 dxe5 23. fxe5 fxe5 24. Bxe5 Nxe5 25. Rxe5 Rxe5 26. Rxe5 Re8
27. Rxe8 Qxe8 28. Kf2 Qe7 29. Qd4 h6 30. g3 c5 31. Qf4 Bg6 32. Bd5 Kh7 33. a3
Bd3 34. Qf3 Bc2 35. Qf4 g5 36. Qf7+ Qxf7+ 37. Bxf7 Kg7 38. Bd5 Kf6 39. Ke3 Ke5
40. Bf7 Bb1 41. Be8 Bf5 42. Bf7 Bh3 43. Bd5 Bf1 44. Kf2 Bd3 45. Ke3 Bb1 46. Bb7
Bf5 47. Bc6 Be6 48. Bb5 Kf5 49. Kf3 Bc8 50. Bc6 Ba6 51. Bd5 Ke5 52. Ke3 Bc8 53.
Bf7 Kf5 54. Kf3 Bb7+ 55. Ke3 Ke5 56. Be8 Bc8 57. Bf7 a6 58. Bg8 Bd7 59. Bf7 Bc6
60. Bg8 Kf6 61. Bh7 Ke5 62. Bg8 Be4 63. Bf7 Bb1 64. Bh5 Ba2 65. Be2 Bb1 66. Bh5
Bf5 67. Bf7 Bh3 68. Bg8 Bg2 69. Bf7 Bh3 70. Bg8 Bc8 71. Bf7 a5 72. Bh5 Be6 73.
Be2 1/2-1/2

[Event "Open Semana Santa 2023"]
[Site "?"]
[Date "2023.04.07"]
[Round "4.137"]
[White "San Vicente Crespo, Pablo"]
[Black "Beneyto De Ramon, Guillermo"]
[Result "1/2-1/2"]
[WhiteElo "1547"]
[BlackElo "1953"]
[PlyCount "51"]

1. e4 Nf6 2. e5 Nd5 3. Nc3 Nxc3 4. dxc3 Nc6 5. Nf3 d6 6. exd6 exd6 7. Bc4 Be7
8. O-O O-O 9. Bf4 Bf6 10. Re1 Bg4 11. Qd3 Qd7 12. Bd5 a6 13. Be4 g6 14. h3 Be6
15. Nd4 Nxd4 16. cxd4 d5 17. Bf3 Bf5 18. Qd2 Rfe8 19. c3 h5 20. Bg5 Bg7 21. Bh6
Be4 22. Bxg7 Kxg7 23. Qf4 Bxf3 24. Qxf3 Qb5 25. b4 Qc4 26. Re3 1/2-1/2

[Event "Open Semana Santa 2023"]
[Site "?"]
[Date "2023.04.07"]
[Round "4.138"]
[White "Fuentes Guinot, Angel"]
[Black "Morales Clares, Aaron"]
[Result "1-0"]
[WhiteElo "1941"]
[BlackElo "1358"]
[PlyCount "57"]

1. d4 d5 2. Nf3 Nf6 3. c4 e6 4. g3 Be7 5. Bg2 O-O 6. O-O b6 7. cxd5 Nxd5 8. e4
Nb4 9. a3 N4c6 10. Nc3 Bb7 11. b4 Nd7 12. Qc2 a5 13. b5 Na7 14. Rd1 Nf6 15. Ne5
c6 16. bxc6 Nxc6 17. Nxc6 Bxc6 18. d5 Bb7 19. dxe6 Qe8 20. exf7+ Qxf7 21. Qa2
Qxa2 22. Rxa2 Bc5 23. h3 Nh5 24. Na4 Rf7 25. Nxc5 bxc5 26. Be3 Re8 27. Bxc5
Bxe4 28. Bxe4 Rxe4 29. Rd8+ 1-0

[Event "Open Semana Santa 2023"]
[Site "?"]
[Date "2023.04.07"]
[Round "4.139"]
[White "Yug Amit Sonigara"]
[Black "Roquero Redondo, Miguel"]
[Result "0-1"]
[WhiteElo "1230"]
[BlackElo "1924"]
[PlyCount "66"]

1. e4 c5 2. Nf3 d6 3. d4 cxd4 4. Nxd4 Nf6 5. Nc3 e6 6. Be3 a6 7. Qd2 b5 8. a3
Bb7 9. Bd3 Nbd7 10. Nb3 Be7 11. a4 b4 12. Ne2 d5 13. exd5 Nxd5 14. Be4 O-O 15.
O-O Qc7 16. Rac1 N7f6 17. Bf3 Rfd8 18. Bf4 Nxf4 19. Qxf4 Bd6 20. Qh4 Bxf3 21.
gxf3 Be7 22. Kh1 Rd5 23. Rg1 g6 24. Ng3 Rad8 25. Qh3 Qf4 26. Qg2 Qc7 27. Qh3
Kh8 28. Qg2 Bd6 29. Qf1 Bf4 30. c4 Rd3 31. Na1 Bxc1 32. Qxc1 Qc6 33. Qf4 Rxf3
0-1

[Event "Open Semana Santa 2023"]
[Site "?"]
[Date "2023.04.07"]
[Round "4.140"]
[White "Candela Martin, Alvaro"]
[Black "Molina Saorin, Raul"]
[Result "1-0"]
[WhiteElo "1917"]
[BlackElo "1076"]
[PlyCount "79"]

1. e4 e5 2. Nf3 Nc6 3. Bc4 h6 4. d4 d6 5. dxe5 dxe5 6. Qxd8+ Kxd8 7. Bxf7 Ke7
8. Bb3 Be6 9. O-O Bxb3 10. axb3 Nf6 11. Re1 Kf7 12. Bd2 Bd6 13. Na3 a6 14. Nc4
b5 15. Nxd6+ cxd6 16. b4 Rhe8 17. Bc3 Nd4 18. Nxd4 exd4 19. Bxd4 Nxe4 20. f3
Nf6 21. Rxe8 Nxe8 22. Kf2 d5 23. Bc5 Nc7 24. Rd1 Rc8 25. c3 g6 26. Bb6 Ke6 27.
Ra1 Kf7 28. Bxc7 Rxc7 29. Rxa6 d4 30. Ra3 d3 31. Ke3 Rd7 32. Kd2 Rd5 33. Ra1
Kf6 34. Re1 g5 35. Re3 h5 36. Rxd3 Ke5 37. Rxd5+ Kxd5 38. Kd3 h4 39. b3 Ke5 40.
c4 1-0

[Event "Open Semana Santa 2023"]
[Site "?"]
[Date "2023.04.07"]
[Round "4.142"]
[White "FM Neagu, Roberto Florin"]
[Black "Chernyshov, Georgii"]
[Result "1-0"]
[WhiteElo "2314"]
[BlackElo "1652"]
[PlyCount "57"]

1. d4 Nf6 2. Nf3 d5 3. c4 c6 4. e3 a6 5. Nc3 b5 6. cxd5 cxd5 7. Bd3 e6 8. O-O
Be7 9. Ne5 O-O 10. a3 Bb7 11. Bd2 Nbd7 12. f4 Nb6 13. b3 Nc8 14. f5 Nd6 15.
fxe6 fxe6 16. Ne2 Qb6 17. Bb4 Rfe8 18. Bc5 Qd8 19. Nf4 Bf8 20. Nh5 Nfe4 21. Qg4
Qg5 22. Qxg5 Nxg5 23. Rxf8+ Rxf8 24. Bxd6 Rfc8 25. Rf1 Bc6 26. h4 Ne4 27. Bxe4
dxe4 28. Rf7 Be8 29. Rf8# 1-0

[Event "Open Semana Santa 2023"]
[Site "?"]
[Date "2023.04.07"]
[Round "4.143"]
[White "Bevia Martinez, Luis"]
[Black "Rossello Sanchez, Bartolome"]
[Result "1-0"]
[WhiteElo "2111"]
[BlackElo "1629"]
[PlyCount "47"]

1. e4 c5 2. Nc3 Nc6 3. g3 g6 4. Bg2 Bg7 5. d3 e6 6. Be3 d6 7. Qd2 Rb8 8. Nge2
Ne5 9. h3 b5 10. f4 b4 11. Nd1 Nd7 12. O-O Bb7 13. d4 Qc7 14. c3 a5 15. Rc1
Ngf6 16. Nf2 Ba6 17. e5 Nd5 18. Ne4 Nxe3 19. Nxd6+ Ke7 20. Qxe3 bxc3 21. bxc3
Rb2 22. c4 cxd4 23. Nxd4 Nc5 24. Nc6+ 1-0

[Event "Open Semana Santa 2023"]
[Site "?"]
[Date "2023.04.07"]
[Round "4.144"]
[White "Molina Molina, Carlos Javier"]
[Black "Cayon Pelaez, Pablo"]
[Result "0-1"]
[WhiteElo "1635"]
[BlackElo "2079"]
[PlyCount "118"]

1. e4 e5 2. Nf3 Nc6 3. Bb5 a6 4. Ba4 Nf6 5. Qe2 b5 6. Bb3 Be7 7. c3 d6 8. O-O
O-O 9. Rd1 Bg4 10. h3 Bh5 11. g4 Bg6 12. d3 Re8 13. Nbd2 Na5 14. Bc2 c5 15. Nf1
Qc7 16. Ng3 c4 17. d4 exd4 18. Nxd4 d5 19. Ndf5 Bc5 20. Qf3 Rad8 21. Bf4 Qb7
22. e5 Nd7 23. Qxd5 Nxe5 24. Qxb7 Nxb7 25. Rxd8 Nxd8 26. Rd1 Nf3+ 27. Kf1 Ne6
28. Bd6 h6 29. Be4 Nfg5 30. Bxc5 Nxc5 31. Bg2 Nge6 32. Kg1 Nf4 33. Bf1 Kh7 34.
h4 f6 35. h5 Bf7 36. Rd4 Nfe6 37. Rd6 Rd8 38. Rxd8 Nxd8 39. Nd4 Na4 40. b3 cxb3
41. axb3 Nxc3 42. Ngf5 Nb7 43. Bd3 Kg8 44. Ne7+ Kf8 45. Nec6 Nc5 46. Bc2 Bd5
47. b4 Ne6 48. Nxe6+ Bxe6 49. Nb8 Bxg4 50. Nxa6 Bxh5 51. Bd3 Be2 52. Bg6 Bc4
53. Nc7 Ke7 54. Ne8 Bf7 55. Bxf7 Kxf7 56. Nd6+ Ke6 57. Ne8 g6 58. Nc7+ Kd7 59.
Na6 Na4 0-1

[Event "Open Semana Santa 2023"]
[Site "?"]
[Date "2023.04.07"]
[Round "4.145"]
[White "45	Moreno Alcaraz, Jose Javier"]
[Black "Prochaieva, Tina"]
[Result "1-0"]
[WhiteElo "2060"]
[BlackElo "1627"]
[PlyCount "49"]

1. e4 c5 2. Nf3 e6 3. d4 cxd4 4. Nxd4 a6 5. c4 Bb4+ 6. Bd2 Qb6 7. Nb3 Nf6 8.
Qf3 Nc6 9. Bxb4 Qxb4+ 10. N1d2 O-O 11. a3 Qb6 12. c5 Qc7 13. Nc4 Ne8 14. Qg3 e5
15. Rd1 a5 16. a4 f6 17. Be2 Nb4 18. O-O Qc6 19. Rfe1 Rb8 20. Bg4 Rf7 21. Nb6
d6 22. Nxc8 dxc5 23. Qh3 f5 24. Bxf5 Rxf5 25. Ne7+ 1-0

[Event "Open Semana Santa 2023"]
[Site "?"]
[Date "2023.04.07"]
[Round "4.146"]
[White "Lazaro Azcutia, Miguel"]
[Black "Nechifor, David"]
[Result "1-0"]
[WhiteElo "2042"]
[BlackElo "1626"]
[PlyCount "95"]

1. e4 c5 2. Nf3 d6 3. d4 Nf6 4. Nc3 cxd4 5. Nxd4 e6 6. g3 e5 7. Bb5+ Bd7 8.
Bxd7+ Qxd7 9. Nf5 h6 10. f3 g6 11. Ne3 Na6 12. h4 Nc7 13. Ned5 Ncxd5 14. Nxd5
Bg7 15. Be3 Qc6 16. Nxf6+ Bxf6 17. Qd2 Bg7 18. h5 g5 19. O-O f6 20. Rfd1 Ke7
21. a4 Rhd8 22. c3 a5 23. Qd5 Qa6 24. Kf2 Rac8 25. Ra3 Rc6 26. Rb3 Rdc8 27. Qb5
R8c7 28. Rd5 Bf8 29. Bb6 Rc8 30. Bxa5 Qa7+ 31. Bb6 Qa8 32. Be3 R8c7 33. Rb4 Ra6
34. Ke2 Ke6 35. Kd1 Be7 36. Bb6 Rc6 37. a5 Bd8 38. Be3 Rc7 39. Kd2 Be7 40. Bb6
Rc6 41. Rb3 Qc8 42. Kd3 Bf8 43. Ra3 Qa8 44. Qb3 Ke7 45. Rb5 Bg7 46. Ra4 Qc8 47.
Rab4 Bh8 48. Be3 1-0

[Event "Open Semana Santa 2023"]
[Site "?"]
[Date "2023.04.07"]
[Round "4.147"]
[White "Gonzalvez Tamarit, Ruben"]
[Black "Galiana Fernandez, Hector"]
[Result "1-0"]
[WhiteElo "2028"]
[BlackElo "1599"]
[PlyCount "61"]

1. e4 c5 2. Nf3 g6 3. c4 Bg7 4. d4 cxd4 5. Nxd4 Nc6 6. Be3 Nf6 7. Nc3 d6 8. Be2
O-O 9. O-O Nxd4 10. Bxd4 Be6 11. Rc1 a6 12. Qd2 Rc8 13. b3 Qa5 14. Rfd1 Rfe8
15. Bxf6 Bxf6 16. Nd5 Qxd2 17. Nxf6+ exf6 18. Rxd2 Red8 19. Rcd1 Rc6 20. f4 Kf8
21. e5 fxe5 22. fxe5 Ke7 23. Bf3 Rb6 24. c5 Rb5 25. exd6+ Kd7 26. Rc1 Kc8 27.
c6 b6 28. c7 Re8 29. d7+ Bxd7 30. Rxd7 Kxd7 31. Bc6+ 1-0

[Event "Open Semana Santa 2023"]
[Site "?"]
[Date "2023.04.07"]
[Round "4.148"]
[White "Torrecillas Muelas, Maria C"]
[Black "CM Menac Comas, Joan Ramon"]
[Result "0-1"]
[WhiteElo "1632"]
[BlackElo "2022"]
[PlyCount "186"]

1. c4 c5 2. Nf3 g6 3. Nc3 Bg7 4. g3 Nc6 5. Bg2 d6 6. O-O Qd7 7. e3 Bxc3 8. bxc3
b6 9. d4 Bb7 10. Qe2 O-O-O 11. Rd1 Na5 12. e4 Ba6 13. Ng5 Bxc4 14. Qf3 h6 15.
Nxf7 Bxf7 16. Qxf7 g5 17. Qd5 Qc7 18. Qf5+ Qd7 19. Qf3 c4 20. Be3 Kc7 21. Rab1
g4 22. Qf4 h5 23. e5 Nh6 24. exd6+ exd6 25. d5 Nf5 26. Bd4 Rhf8 27. Qd2 Rf7 28.
Qb2 Nxd4 29. Rxd4 Rdf8 30. Rd2 h4 31. Re1 hxg3 32. hxg3 Rh8 33. Re6 Rfh7 34.
Rde2 Nb7 35. Qa3 Kb8 36. Qc1 Nc5 37. Qf4 Kb7 38. Qxg4 b5 39. Qf3 a6 40. Qe3 Rf7
41. Re7 Rxe7 42. Qxe7 Qxe7 43. Rxe7+ Kb6 44. f4 Na4 45. Re3 a5 46. Bf1 Kc5 47.
f5 b4 48. cxb4+ axb4 49. Re4 Nb6 50. g4 Kxd5 51. Bg2 Kc5 52. f6 Nd5 53. g5 c3
54. Bf1 Nb6 55. f7 c2 56. Re1 Nd7 57. g6 Rh5 58. Bd3 Kd4 59. Bxc2 Kc3 60. Be4
d5 61. Bg2 Rg5 62. Re6 d4 63. Rc6+ Kb2 64. Rc7 Nf8 65. Rc8 Nxg6 66. f8=Q Nxf8
67. Rxf8 d3 68. Rf2+ Kc3 69. Kf1 d2 70. Bf3 Rf5 71. Kg2 Re5 72. Kf1 Re1+ 73.
Kg2 d1=Q 74. Bxd1 Rxd1 75. Rf3+ Rd3 76. Rf8 Rd2+ 77. Kf3 Rxa2 78. Rc8+ Kb3 79.
Ke3 Rc2 80. Rb8 Ka3 81. Ra8+ Kb2 82. Kd3 b3 83. Rb8 Rc7 84. Kd2 Rd7+ 85. Ke3
Kc2 86. Rc8+ Kb1 87. Rb8 b2 88. Ke2 Ra7 89. Kd2 Ka2 90. Kc2 Rc7+ 91. Kd2 b1=Q
92. Ra8+ Kb2 93. Rb8+ Ka1 0-1

[Event "Open Semana Santa 2023"]
[Site "?"]
[Date "2023.04.07"]
[Round "4.149"]
[White "Martinez Rodriguez, Francisco Sa"]
[Black "Burriel Ureta, Raul"]
[Result "1/2-1/2"]
[WhiteElo "2004"]
[BlackElo "1579"]
[PlyCount "91"]

1. e4 e5 2. Nf3 Nf6 3. Nc3 Nc6 4. Bb5 d6 5. d4 exd4 6. Nxd4 Bd7 7. O-O Be7 8.
Nxc6 bxc6 9. Bc4 O-O 10. h3 Qc8 11. f4 d5 12. exd5 Bxh3 13. Be3 Bg4 14. Qe1 Re8
15. Qf2 Bd6 16. Rae1 cxd5 17. Bxd5 Nxd5 18. Nxd5 Qf5 19. Nc3 Rxe3 20. Rxe3 Bc5
21. Rfe1 h6 22. Na4 Bxe3 23. Rxe3 Rd8 24. Nc3 Bd1 25. Nxd1 Rxd1+ 26. Kh2 Qh5+
27. Rh3 Qd5 28. Rd3 Rxd3 29. cxd3 Qxa2 30. Qc5 Qxb2 31. Qxa7 Qb6 32. Qa4 Qg6
33. Qd4 Qd6 34. Qe4 g6 35. d4 c6 36. Kg1 Qd5 37. Qe3 Kg7 38. Kf2 Qf5 39. Kg1 h5
40. Qc3 Qd5 41. Kf2 Kh7 42. Qe3 Qf5 43. Kg1 Kh6 44. Qf3 Qb1+ 45. Kh2 Qb5 46.
Qe3 1/2-1/2

[Event "Open Semana Santa 2023"]
[Site "?"]
[Date "2023.04.07"]
[Round "4.150"]
[White "Andries, Leia"]
[Black "Rodriguez Bittar, Karim Javier"]
[Result "0-1"]
[WhiteElo "1627"]
[BlackElo "1959"]
[PlyCount "44"]

1. e4 c6 2. d4 d5 3. e5 c5 4. Nf3 Nc6 5. c4 e6 6. Nc3 cxd4 7. Nxd4 Nge7 8. Nxc6
bxc6 9. Be3 Nf5 10. Bd2 Rb8 11. b3 Qc7 12. f4 Bb4 13. Bd3 Qa5 14. Nb1 O-O 15.
Bxb4 Qxb4+ 16. Qd2 Qc5 17. Qf2 Qb4+ 18. Qd2 Qb6 19. Qf2 Ne3 20. Nc3 Qd4 21. Kd2
Nxc4+ 22. Ke2 Qxc3 0-1

[Event "Open Semana Santa 2023"]
[Site "?"]
[Date "2023.04.07"]
[Round "4.151"]
[White "Donate Moreno, David"]
[Black "Pardo Ruiz, Beatriz"]
[Result "1-0"]
[WhiteElo "1958"]
[BlackElo "1570"]
[PlyCount "115"]
[EventDate "2023.??.??"]

1. e4 e5 2. Nf3 Nf6 3. Nxe5 d6 4. Nf3 Nxe4 5. Nc3 Nf6 6. d4 d5 7. Bd3 Be7 8.
Bf4 c6 9. Qd2 Bg4 10. Ne5 Bh5 11. f3 Nbd7 12. g4 Bg6 13. O-O-O Qb6 14. Rhe1
Qxd4 15. Nxd7 Nxd7 16. Bd6 Qf6 17. Bxe7 Qxe7 18. Rxe7+ Kxe7 19. Bxg6 hxg6 20.
Qg5+ Nf6 21. Qe5+ Kd7 22. Qf4 Rhe8 23. g5 Nh5 24. Qxf7+ Re7 25. Qxg6 Nf4 26.
Qf5+ Ne6 27. Ne2 Kc7 28. Nd4 Nxd4 29. Qf4+ Kd7 30. Qxd4 b5 31. f4 Kd6 32. f5
Rf8 33. f6 gxf6 34. gxf6 Ref7 35. Rf1 Ke6 36. Re1+ Kd7 37. Re7+ Rxe7 38. Qxa7+
Kc8 39. fxe7 Re8 40. h4 b4 41. h5 d4 42. h6 d3 43. Qa8+ Kd7 44. Qxe8+ Kxe8 45.
h7 Kxe7 46. h8=Q dxc2 47. Kxc2 b3+ 48. Kxb3 Ke6 49. Kc4 Kf5 50. Qe8 c5 51. Kd5
Kg4 52. Qe4+ Kg3 53. Qf5 c4 54. Ke4 Kg2 55. Qf3+ Kh2 56. Qg4 c3 57. Kf3 cxb2
58. Qg2# 1-0

[Event "Open Semana Santa 2023"]
[Site "?"]
[Date "2023.04.07"]
[Round "4.152"]
[White "Perez Pinazo, Jose Oscar"]
[Black "Oreshkin, Vladislav"]
[Result "0-1"]
[WhiteElo "1612"]
[BlackElo "1943"]
[PlyCount "56"]
[EventDate "2023.??.??"]

1. d4 Nf6 2. Bf4 b6 3. e3 Bb7 4. Nf3 e6 5. Nbd2 c5 6. c3 Be7 7. h3 O-O 8. Bd3
Nc6 9. O-O Nd5 10. Bg3 f5 11. e4 fxe4 12. Bxe4 Nf6 13. Bc2 cxd4 14. cxd4 Nb4
15. Bb3 Nh5 16. Qe2 Nxg3 17. fxg3 Rc8 18. Ne5 Nc2 19. Rxf8+ Bxf8 20. Nxd7 Nxd4
21. Bxe6+ Kh8 22. Qe5 Nxe6 23. Qxe6 Rc7 24. Rf1 Bb4 25. Qb3 a5 26. Qxb4 axb4
27. Rf8+ Qxf8 28. Nxf8 Bd5 0-1